000 00543nam a22001817a 4500
999 _c124328
_d124328
005 20211014104431.0
008 211014b ||||| |||| 00| 0 eng d
020 _a9783030193980
040 _cPK-LaUMT
082 _a711.40285
_bSMA-
245 _aSmart cities in application :
_bhealthcare, policy and innovation /
_cedited by Stan McClellan
260 _aSwitzerland :
_bSpringer,
_c2020
300 _a171 p.
650 _aCity planning
650 _aTechnological innovations
650 _aCommunication in city planning
942 _cBK